Ingredientes naturales de doce especies nativas colombianas / (Registro nro. 7348)

Detalles MARC
000 -CABECERA
Campo de control 01113nam a2200253 a 4500
005 - FECHA Y HORA DE LA ULTIMA TRANSACCION
Campo de control 20171019081045.0
008 - ELEMENTOS DE LONGITUD FIJA—INFORMACION GENERAL
Campo de control 120426s2009 ck a gr 000u0 spa d
015 ## - NATIONAL BIBLIOGRAPHY NUMBER
National bibliography number ck-2009-xxxx
040 ## - FUENTE DE CATALOGACIÓN
Agencia catalogadora original CO-BoIAVH
Agencia transcriptora CO-BoIAVH
041 0# - IDIOMA
Código de idioma para texto/pista de sonido o título separado Español
043 ## - GEOGRAPHIC AREA CODE
Geographic area code s-ck---
082 04 - NUMERO DE CLASIFICACION DECIMAL DEWEY
Número de clasificación 581.5
Número del ítem G934i
245 00 - MENCION DE TITULO
Título Ingredientes naturales de doce especies nativas colombianas /
Mención de responsabilidad compilación y edición de textos Jairo Miguel Guerra G.
260 ## - PUBLICACION, DISTRIBUCION, ETC. (PIE DE IMPRENTA)
Lugar de publicación, distribución, etc. Bogoá :
Nombre del editor, distribuidor, etc. Instituto de Investigaciones de Recursos Biológicos Alexander von Humboldt,
Fecha de publicación, distribución, etc. 2009.
300 ## - DESCRIPCION FISICA
Extensión 26 p. :
Otros detalles físicos il. ;
Dimensiones 22 cm.
505 ## - NOTA DE CONTENIDO
Nota de contenido Achiote<br/>Añil<br/>Bálsamo de Tolú<br/>Borojó<br/>Dividivi<br/>Gualanday<br/>Huito - Jagua<br/>Ipecacuana<br/>Marañón<br/>Muña<br/>Prontoalivio<br/>Uva de anís<br/>
650 ## - ASIENTO SECUNDARIO DE MATERIA - TERMINO TEMATICO
Término temático o nombre geográfico como elemento de entrada Ecología vegetal
Subdivisión geográfica Colombia.
650 #4 - ASIENTO SECUNDARIO DE MATERIA - TERMINO TEMATICO
Término temático o nombre geográfico como elemento de entrada Comunidades de plantas
Subdivisión geográfica Colombia.
650 #4 - ASIENTO SECUNDARIO DE MATERIA - TERMINO TEMATICO
Término temático o nombre geográfico como elemento de entrada Ecología
Subdivisión general Investigaciones
Subdivisión geográfica Colombia.
650 #4 - ASIENTO SECUNDARIO DE MATERIA - TERMINO TEMATICO
Término temático o nombre geográfico como elemento de entrada Diversidad biológica
Subdivisión general Investigaciones
Subdivisión geográfica Colombia.
700 1# - ASIENTO SECUNDARIO - NOMBRE PERSONAL
Nombre personal Guerra G., Jairo Miguel,
Término de relación comp.
856 ## - LOCALIZACION Y ACCESO ELECTRONICOS
Identificador Uniforme del Recurso http://hdl.handle.net/20.500.11761/33624
942 ## - ELEMENTOS ADICIONALES (KOHA)
Sistema de clasificación Dewey Decimal Classification
Tipo de ítem Artículo
Koha issues (borrowed), all copies 3
Existencias
Withdrawn status Lost status Sistema de Clasificación Damaged status No para préstamo Colección Ubicación Permanente Ubicación actual Fecha de adquisición Total Checkouts Número topográfico Inventario / Código de Barras Date last seen Ejemplar Price effective from Forma de adquisición Tipo de material Total Renewals Date checked out
    Local     Humboldt Bogotá Bogotá 08/07/2013   FH-0046 028554 08/07/2013 Ej. 1 08/07/2013 Institucional Folleto    
    Local     Humboldt Bogotá Bogotá 08/07/2013 1 FH-0046 028553 12/12/2019 Ej. 2 08/07/2013 Institucional Folleto 1 15/08/2018
    Local     Humboldt Sala Fabio Quevedo Sala Fabio Quevedo 12/09/2014 3 FH-0046 038354 12/02/2016 Ej. 3 12/09/2014 Institucional Folleto   12/02/2016